Statystyki dla 15 krajów o największej liczbie zgonów Covid19 - 9 września

Kliknij tutaj aby rozwiązać quiz!

Ogólne statystyki

  • Ten quiz został rozwiązany 19 razy
  • Średni wynik to 8 z 19

Statystyki odpowiedzi

kraj% Poprawnych
Stany Zjednoczone
94%
Rosja
82%
Włochy
76%
Francja
59%
Hiszpania
59%
Wielka Brytania
59%
Indie
47%
Brazylia
41%
Meksyk
41%
Kolumbia
29%
Chile
24%
Peru
24%
Republika
Południowej Afryki
24%
Szwecja
24%
Ekwador
18%
Panama
18%
Belgia
12%
Boliwia
12%
Iran
12%

Rozkład punktacji

Percentyl według liczby udzielonych odpowiedzi

Procent ludzi z każdym wynikiem

Twoja historia wyników

Nie rozwiązałeś tego quizu